Claude Monet: 1840-1926

Enregistré dans:
Détails bibliographiques
Auteur principal: Heinrich, Christoph (Auteur)
Format: Livre
Langue:espagnol
Publié: Colonia Taschen 2000
Édition:1a. ed
Sujets:
Tags: Ajouter un tag
Pas de tags, Soyez le premier à ajouter un tag!

MARC

LEADER 00000nam a2200000 a 4500
001 UCK2508
003 CL-VaPUC
008 050120e20000000GW |||||||||||||||||spa|d
020 |a 3822861987 
082 0 4 |a 759.4  |b HEI  |2 21 
100 |a Heinrich, Christoph  |e author  |9 568583 
245 1 0 |a Claude Monet: 1840-1926 
250 |a 1a. ed 
300 |a 96 p 
942 |c BK 
945 |d 20050120 00:00:00  |a vberengu 
260 |a Colonia  |b Taschen  |c 2000 
500 |a http://www.taschen.com 
600 0 |a Monet, Claude,  |d 1840-1926  |9 474494 
650 7 |a IMPRESIONISMO  |2 CL-VaPUC  |9 324638 
650 0 |a Pintores franceses   |9 340354 
650 0 |a Pintura francesa  |9 266122 
583 |a last modification  |c 20050120 00:00:00  |k Rodrigo Vera 
999 |c 312021  |d 312019 
952 |0 0  |1 0  |4 0  |6 759_400000000000000_HEI_2000  |7 0  |8 X  |9 381808  |a BIBEDU  |b BIBEDU  |d 2019-11-21  |i 4094905  |o 759.4 HEI 2000  |p 4094905  |r 2023-01-13  |w 2019-11-21  |y BK_X  |k LIT 
952 |0 0  |1 0  |4 0  |6 759_400000000000000_HEI_2000  |7 0  |8 A  |9 381809  |a BIBHIS  |b BIBHIS  |d 2019-11-21  |i 4246985  |o 759.4 HEI 2000  |p 4246985  |r 2025-01-20  |w 2019-11-21  |y BK  |k HIS